000 01802cam a22004214i 4500
003 PE-LiUPU
005 20250731183446.0
008 150616s1970 xxua rb 000 0 eng d
020 _a0300053312
035 _a(Sirsi) i9780300053319
040 _aPE-LiUPU
_bspa
_cPE-LiUPU
_erda
049 _aPRUA
082 0 4 _a722.9394
_bF81
_221
100 1 _aFrankfort, Henri,
_d1897-1954,
_eautor.
245 1 4 _aThe Art and Architecture of the Ancient Orient /
_cHenri Frankfort.
264 1 _aYale :
_bYale University Press,
_c1970.
300 _a456 páginas :
_bilustraciones ;
_c21 centímetros.
336 _atext
_2rdacontent
337 _aunmediated
_2rdamedia
338 _avolume
_2rdacarrier
490 1 _aPelican History of Art
504 _aBibliografía: páginas 415-446.
505 0 _aThe emergence of sumerian art: The protoliterate period -- The early dynastic period -- The akkadian period -- The neo-sumerian period -- The art of the kasite dynasty -- The beginnings of assyrian art -- The late assyrian period -- The neo-babylonian period -- Asia minor and the hittites -- The levant in the second millennium BC.- Etc.
526 _aP158
526 _aP146
526 _aP17
526 _aP12
526 _aP06
650 1 4 _aArte asiático.
650 2 4 _aArquitectura asiática.
910 _ajck
_bjvq
_cjck
942 _2ddc
_cBOOK
949 _a722.9394 F81
_wDEWEY
_c1
_i43214
_lCCODEBUL1
_mBUL
_r0
_sY
_tBOOK
_u2015-6-16
_xTEOLOGIA
_zUNKNOWN
_0COMPRA
_o.STAFF. Colección Teología
994 _aC0
_bPEPRU
596 _a1
999 _a722.9394 F81
_wDEWEY
_c61175
_i43214
_f2021-11-11
_g5
_lCCODEBUL1
_mBUL
_p20.00
_r0
_sY
_tBOOK
_u2015-6-16
_xTEOLOGIA
_PP35
_0COMPRA
_o.STAFF. Colección Teología
_d61175
980 _81
_gALBERTO SANCHEZ Responsable de Automatización